Z jakiej bajki jest ta postać? - Statystyki

Ogólne statystyki
  • Ten quiz został rozwiązany 2 808 razy
  • Średni wynik to 6 z 18
Statystyki odpowiedzi
Postać Bajka % Poprawnych
Simba Król Lew
99%
Buzz Astral Toy Story
80%
Brawurka Atomówki
67%
Cruella De Mon 101 dalmatyńczyków
63%
Ben Tennyson Ben 10
48%
Dee Dee Dexter Laboratorium Dextera
46%
Oggy Oggy i karaluchy
35%
Eustachy Motyka Chojrak – tchórzliwy pies
32%
EVE WALL·E
29%
Sznycel Chowder
17%
Rigby Zwyczajny Serial
14%
Randall Boggs Potwory i spółka
11%
Lazlo Harcerz Lazlo
10%
Kapitan Knykieć Niezwykłe przypadki Flapjacka
9%
Shangri Llama Epoka Lodowcowa
7%
Zak Sobota Tajemniczy Sobotowie
5%
Sonny Blackbones Galactik Football
4%
Kekata Pocahontas
3%
Nie znaleziono quizów pasujących do podanych kryteriów
Rozkład punktacji
Procent ludzi z każdym wynikiem
Percentyl według liczby udzielonych odpowiedzi
Twoja historia wyników
Nie rozwiązałeś tego quizu